00377nam a2200145Ia 4500008004100000020001800041082001700059100001500076245005000091260002900141300000900170650002100179942001200200999001900212240824s9999 xx 000 0 und d a9789392141850 a346.048bMIT aMittal, DP 0aLaw of Patents and Trade Secretc/ Mittal, DP bCommercial Law Pubc2022 a1091 aLaw &Criminology cENGLISH c538044d538044